-
STRANFORD, SHARON A. AND OWEN, JUDITH.A PUNT, JENNI AND JONES, PATRICIA P
Entry Personal Name
Number of records used in: 1
001 - CONTROL NUMBER
003 - CONTROL NUMBER IDENTIFIER
005 - DATE AND TIME OF LATEST TRANSACTION
- control field:
20251203155155.0
008 - FIXED-LENGTH DATA ELEMENTS
- fixed length control field:
251203|| aca||aabn | a|a d
040 ## - CATALOGING SOURCE
- Original cataloging agency:
JRU
- Transcribing agency:
JRU
100 ## - HEADING--PERSONAL NAME
- Personal name:
STRANFORD, SHARON A. AND OWEN, JUDITH.A PUNT, JENNI AND JONES, PATRICIA P
670 ## - SOURCE DATA FOUND
- Source citation:
Work cat.: (JRU)9021: STRANFORD, SHARON A. AND OWEN, JUDITH.A PUNT, JENNI AND JONES, PATRICIA P. , KUBY IMMUNOLOGY , 2023